| 000 | 00380nam a22001577a 4500 | ||
|---|---|---|---|
| 003 | OSt | ||
| 005 | 20160525115527.0 | ||
| 008 | 160525b xxu||||| |||| 00| 0 eng d | ||
| 020 | _a0201752956 | ||
| 040 | _cN/A | ||
| 100 | _aSebesta Robert .W. | ||
| 245 | _aConcepts of programming languages | ||
| 250 | _a5thed | ||
| 260 |
_aNew York _bAddison Wesley _c2002 |
||
| 942 |
_2lcc _cBK |
||
| 999 |
_c254020 _d254019 |
||